000 02522cam a2200445 4500500
005 20260322011934.0
041 _afre
042 _adc
100 1 0 _aAnkaoua, Fabienne
_eauthor
245 0 0 _aMimesis et Logos
260 _c2010.
500 _a79
520 _aRésuméSi la scène a l’habitude d’être considérée comme un lieu de représentation, où la nature, la p husis, serait imitéé, ne pouvons-nous pas entendre, cette scène du côté d’un impossible de la représentation ? À répondre par l’affirmative, le sens de cette question n’est-il pas celui d’une langue originelle à traduire ?La tâche du traducteur serait de s’approcher de cette langue originelle. En cette opération, nous rejoignons l’attitude analytique, de nommer les noms, non de communiquer.
520 _aIf the scene use to be seen as a representation place, where the nature, the phusis will be imitated, can’t we think this scene, from an impossible place ?If we can repply in the affirmative, the meaning of this question, would’nt be an original language to translate ? The translater task, will be to come closer from this original language. In this operation, we can join the psychanalytic attitude, to nominate the words, in a non communicated way.
520 _aResumenSi la escena suele ser vista como un lugar de representacion, donde la naturaleza, la phusis será imitada, se peude pensar esta escena, como un lugar imposible ¿Si podemos reponder afirmativamente, el significado de esta pregunta, no es una lengua original que tiene que ser traducida ? El trabajo del traductor, será acercarse mas de esta lengua original. En esta operación, se puede unir a la actitud psicoanalitica, nombrando las palabras, non comunicando.
690 _alangage
690 _amimésis
690 _anature
690 _anomination
690 _apoéïsis
690 _areprésentation
690 _arévélation
690 _atâche du traducteur
690 _atechné
690 _avérité
690 _aW. Benjamin
690 _alanguage
690 _amimesis
690 _anature
690 _anomination
690 _apoéïsis
690 _arepresentation
690 _arevelation
690 _atechné
690 _atranslater task
690 _atruth
690 _aW. Benjamin
786 0 _nInsistance | 4 | 1 | 2010-11-29 | p. 97-104 | 1778-7807
856 4 1 _uhttps://shs.cairn.info/revue-insistance-2010-1-page-97?lang=fr&redirect-ssocas=7080
999 _c1768777
_d1768777